00731nam a2200193Ia 4500008004100000020001800041041000800059082002000067100002300087245007300110260003800183300000900221500004800230500004100278650001800319700003600337999001700373952014700390230125s9999 xx 000 0 und d a81-7096-379-6 aeng a658.45bSHA/SAR aSharma R K9109615 aCommercial practice : Office procedure and commercial correspondence c1995bKalyani PublisheraLudhiana a282p aOffice management,Commercial correspondence aBusiness Communication;Communication aCommunication aSharma R K & Sarkar S S9114252 c91578d91578 02104070aHIMRbHIMRd1998-06-29eSatya Gilanig60.00o658.45 SHA/SAR DB0080pHIMR-DB-80r2023-01-25 00:00:00v60.00w1998-06-29yDBzDB0080